Terminus Lignes 1E à 98E de Lyon (TCL) - Statistiques

Statistiques générales
  • Ce quiz a été pris 60 fois
  • Le résultat moyen est 71 sur 162
Statistiques - réponses
Ligne Lieu de résidence Terminus % Correct
31 Lyon 2e / Lyon 9e Perrache / Gare de Vaise
82%
11 | 12 | 14 | 18 Oullins Gare d'Oullins
76%
78 | 88 Oullins Gare d’Oullins
76%
8 | 34 | 46 | +4 others Lyon 2e Perrache
76%
15 | 35 | 40 Lyon 2e Bellecour
72%
2Ex | 3 | 14 | +5 others Lyon 9e Gorge de Loup
72%
40 | 70 | 84 | +2 others Neuville-sur-Saône Neuville
68%
10/10E | 20 | 21 | +7 others Lyon 9e Gare de Vaise
66%
25 Lyon 3e Gare Part-DIeu Vivier Merle
66%
38 | 70 Lyon 3e Gare Part-Dieu Vivier Merle
66%
37 Lyon 6e Charpennes
64%
2 | 33 | 45 Lyon 4e Croix-Rousse
64%
1E | 24 | 34 Lyon 3e Grange Blanche
62%
7 | 57 | 67 Villeurbanne Laurent Bonnevay
62%
16 | 28 | 68 Vaulx-en-Velin Vaulx-en-Velin La Soie
62%
45 Lyon 5e Valdo
58%
19 Écully Écully Le Pérollier
56%
54 | 62 | 87 Vénissieux Gare de Vénissieux
56%
9 Lyon 2e Cordeliers
54%
28 | 29 | 32 | +2 others Meyzieu Meyzieu ZI
54%
5 Lyon 9e Pont Mouton
54%
27 Lyon 5e Vieux Lyon
54%
64 Lyon 7e Jean Macé
50%
16 | 76 | 79 | 85 Décines-Charpieu Décines Grand Large
48%
19 Lyon 1er Hôtel de Ville Louis Pradel
48%
57 Vaulx-en-Velin / Décines-Charpieu Vaulx Marcel Cachin / Décines Grand Large
48%
10/10E | 89/89D Dardilly Porte de Lyon
46%
27 Villeurbanne Villeurbanne Centre
46%
46 Tassin-la-Demi-Lune Boyer
44%
3 Limonest / Dardilly Limonest Le Puy d'Or / Dardilly le Jubin
44%
11 Thurins Thurins Mairie
44%
49 | 90 Sainte-Foy-lès-Lyon Sainte-Foy Châtelain
42%
55 Écully Campus Lyon Ouest
38%
37 Vaulx-en-Velin Vaulx O'Hara
38%
15E | 18 Vernaison Vernaison Place
38%
15E Lyon 2e Bellecour Charité
36%
73/73E Brindas Brindas Centre
36%
38 Caluire-et-Cuire Caluire Place de la Bascule
36%
60 Feyzin Feyzin Les Razes / Feyzin Château de l’Isle
36%
39 Solaize Solaize
36%
26 Lyon 8e Lycée Lumière
34%
8 Oullins Oullins Clément Désormes
34%
66 Lyon 5e Saint-Just
34%
9 Sathonay-Camp Sathonay Castellane
34%
31 Lyon 9e Cité Édouard Herriot
32%
26 Saint-Priest Manissieux Pierre Blanche
32%
69 Lyon 3e Manufacture Montluc
32%
63 Oullins Oullins Le Golf
32%
12 Saint-genis-Laval Saint Genis 2
32%
17 Saint-Genis-Laval Saint Genis 2 / St Genis Lycée
32%
90 Lyon 9e Valmy Place Ferber
32%
54 Corbas Corbas Les Taillis
30%
21 Limonest / Saint-Germain-au-Mont-d'Or Limonest Cimetière / Saint Germain Gare
30%
39 Bron Parc de Parilly
30%
52 Bron Parilly Université Hippodrome
30%
20 Saint-Cyr-au-Mont-d'Or Saint-Cyr
30%
43 Rochetaillée-sur-Saône / Genay Saint Romain Centre / Genay Proulieu
30%
52 Vaulx-en-Velin Vaulx-en-Velin La Grappinière
30%
24 | 25 Bron Bron Sept Chemins
28%
76 Corbas Corbas les Balmes
28%
93 Feyzin Hôpital Feyzin Vénissieux
28%
93 Saint-Priest Porte des Alpes
28%
35 Vénissieux Vénissieux Le Charréard
28%
66 Champagne-au-Mont-d’Or Champagne Écoles
26%
5 Charbonnières-les-Bains Charbonnières Les Verrières
26%
1E Colombier-Saugnieu Colombier Saugnieu Les Salines
26%
15 Irigny Irigny Hauts de Selettes
26%
2 Lyon 9e Plateau de Saint Rambert
26%
33 Rillieux-la-Pape Rillieux Les Alagniers
26%
17 Sainte-Foy-lès-Lyon Sainte-Foy Place Saint Luc
26%
22 Saint-Didier-au-Mont-d'Or Saint Fortunat
26%
7 Vaulx-en-Velin Vaulx Lamartine
26%
69 Villeurbanne Collège du Tonkin
24%
78 Givors Gare de Givors Ville
24%
65 Sainte-Foy-lès-Lyon Charcot La Source
22%
80 Grigny Grigny La Colombe
22%
87 Mions Mions Bourdelle
22%
64 Saint-Fons Saint-Fons Semard
22%
88 Saint-Genis-Laval Saint-Genis Gadagne
22%
62 Mions Mions Jules Vallès
20%
30 Saint-Priest St Priest Jules Ferry
20%
77 Caluire-et-Cuire Montessuy Gutenberg
18%
77 Rochetaillée-sur-Saône Pont de Fontaines
18%
23 Saint-Didier-au-Mont-d'Or Rocade des Monts d'Or
18%
30 Saint Pierre-de-Chandieu St Pierre-de-Chandieu Rajat
18%
2Ex Thurins Thurins Le Pont
18%
79 Vénissieux Vénissieux La Borelle
18%
86 La Tour de Salvagny La Tour de Salvagny Chambettes
16%
50 Saint-Priest Saint-Priest Hôtel de Ville
16%
68 Chassieu Chassieu Grandes Terres
14%
71 Collonges-au-Mont-d’Or Écoles de Collonges
14%
32 Jons Jons Hameau de Bianne
14%
61 Lissieu Lissieu Montluzin
14%
98/98E Marcy l’Étoile Marcy Campus Sanofi Pasteur
14%
81 Givors Plateau de Montrond
14%
96 Saint-germain-au-Mont-d’Or / Quincieux Saint-Germain Mairie / Quincieux Boulodrome
14%
81 Givors Collège Paul Vallon
12%
48 Genas Genas Bornicat
12%
80 Givors Givors Vallée du Gier
12%
50 Saint-Priest La Fouillouse
12%
85 Meyzieu Meyzieu Gadelles
12%
95 Meyzieu Meyzieu Parc du Grand Large
12%
29 Saint-Priest RN6 Ambroise Paré
12%
72 Marcy l’Étoile Sainte-Consorce
12%
47 Saint-Laurent-de-Mure St-Laurent-de-Mure Maréchal Juin
10%
95 Jonage Jonage Château des Marres
8%
97 Montanay Montanay Les Dîmes
8%
48 Colombier-Saugnieu Aéroport Saint Exupéry (Gare Routière)
6%
Aucun quiz correspondant
Distribution des résultats
% des personnes avec chaque résultat
Percentile par nombre de réponses
Votre historique - résultats
Vous n’avez pas pris ce quiz